000 00265nam a22001217a 4500
082 _a001
_bCSN/H
100 _aCSN BOOKS
245 _a101 WORLD WONDERS
260 _aTRIVANDRUM
_bCSN BOOKS
_c2013
300 _a224
650 _aGENERAL KNOWLEDGE
_zKERALA
942 _cBK
999 _c2201
_d2201